Namaste Nepar Festivals (Record no. 234907)

MARC details
000 -LEADER
fixed length control field 00327pam a2200133 a 4500
020 ## - INTERNATIONAL STANDARD BOOK NUMBER
Terms of availability
041 ## - LANGUAGE CODE
Language code of original
100 ## - MAIN ENTRY--PERSONAL NAME
Personal name Shridhar L. Manandhar.
245 ## - TITLE STATEMENT
Title Namaste Nepar Festivals
Remainder of title Namaste Nepar Festivals
Medium Textual Documents
250 ## - EDITION STATEMENT
Edition statement 1995.
260 ## - PUBLICATION, DISTRIBUTION, ETC.
Place of publication, distribution, etc. [s.l]:
Name of publisher, distributor, etc. Rupa Co.
300 ## - PHYSICAL DESCRIPTION
Extent 62:
Other physical details pocket Book.
930 ## - EQUIVALENCE OR CROSS-REFERENCE-UNIFORM TITLE HEADING [LOCAL, CANADA]
Uniform title 1117
Holdings
Withdrawn status Lost status Damaged status Not for loan Collection Home library Current library Date acquired Source of acquisition Cost, normal purchase price Total Checkouts Full call number Barcode Date last seen Copy number Price effective from Koha item type
          College of Fine Arts, Pune College of Fine Arts, Pune 21/10/2015 krishna Books 95.00   FAP-1117 07/03/2023 1 07/03/2023 Book